000 00303nam a22001337a 4500
008 181226b xxu||||| |||| 00| 0 eng d
020 _a9780470289341
041 _aeng
080 _a070
100 _a40
101 _amed
245 _aSocial Media Marketing For Dummies
_cShiv.S
942 _2udc
_cBK
999 _c53762
_d53762